MARC

LEADER 00000nam0a2200000 4500
001 134835
005 20231101220519.0
035 |a (RuTPU)RU\TPU\book\146146 
090 |a 134835 
100 |a 20080404d1980 m y0rusy50 ca 
101 0 |a rus 
102 |a UZ 
105 |a a j 001zy 
200 1 |a Бесконтактные автокомпенсационные преобразователи  |e учебное пособие  |f Н. А. Ахраров  |g Ташкентский политехнический институт им. А. Б. Беруни  |h Ч. 2 
210 |a Ташкент  |c [Б. и.]  |d 1980 
215 |a 93 с.  |c ил. 
320 |a Библиогр.: с. 92 
606 1 |a Преобразователи бесконтактные  |2 stltpush  |3 (RuTPU)RU\TPU\subj\51167  |9 69770 
610 1 |a бесконтактные автокомпенсационные преобразователи 
610 1 |a анализ 
610 1 |a математические модели 
610 1 |a надежность 
610 1 |a исследование 
610 1 |a применение 
610 1 |a учебные пособия 
675 |a 681.586(075.8)  |v 4 
700 1 |a Ахраров  |b Н. А.  |g Нурман Ахрарович 
712 0 2 |a Ташкентский политехнический институт им. А. Б. Беруни  |2 stltpush  |3 (RuTPU)RU\TPU\col\6741  |9 24263 
801 1 |a RU  |b 63413507  |c 20080204  |g PSBO 
801 2 |a RU  |b 63413507  |c 20210414  |g PSBO 
942 |c BK